00600nam a2200205Ia 4500003000400000005001700004008004100021040000700062041000800069082001500077100002400092245003400116260002000150300000900170650002200179700002700201942001300228999001900241952013400260OSt20251117153748.0250729s2005 xx 000 0 und d cAL aeng a910.7 BASM aBasha Salim9224451 aGeography-methods of teaching aNew Delhic2005 a307p aGeography9224452 aRao Digumurthi9224453 2ddccBED c236416d236416 00104070aALbALd2025-07-29eSchool Book Companyg175.00l0o910.7 BASMpBED01735r2025-07-29 16:54:49v175.00w2025-07-29yBK